000 00959nam a2200301 i 4500
001 85627
003 ES-MaACL
005 20250815050651.0
007 t|
008 041130s1979 sp ||||1| spa d
020 _a84-323-0338-0
080 _a329.71(460)
080 _a32(460)"1931/39"
100 1 _aJuliá, Santos,
_d1940-2019
_967236
245 1 0 _aOrígenes del Frente Popular en España (1934-1936) /
_cpor Santos Juliá.
250 _a1ª ed.
260 _aMadrid :
_bSiglo Veintiuno,
_c1979.
300 _a229 p. ;
_c18 cm.
490 1 _aEstudios de historia contemporánea
500 _aÍndices.
610 2 4 _aFrente Popular (España)
_94188
651 4 _aEspaña-
_xHistoria-
_y1931-1939, II República.
_98283
830 1 0 _aEstudios de historia contemporánea (Siglo XXI)
_9181254
852 4 _aES-MaACL
_jA-9671/Ej.1
_988764
852 _aES-MaACL
_jAND-877
_bR.110165
_9109953
942 _2udc
999 _c85627
_d85627